LEADER 01646nam0 22003133i 450 001 VAN00128808 005 20240806100826.986 010 $a978-88-916326-9-2 100 $a20200511d2019 |0itac50 ba 101 $aita 102 $aIT 105 $a|||| ||||| 200 1 $aCasi risolti per l'ufficio finanziario dell'ente locale$ele soluzioni ai casi pratici piu significativi e ricorrenti in materia di: fiscalità con particolare riferimento all'IVA, contabilità, bilancio, tracciabilità dei pagamenti, altre casistiche di interesse$fEnzo Cuzzola, Francesco Cuzzola 205 $aSantarcangelo di Romagna : Maggioli$b2019 210 $a115 p.$a30 cm 215 $aContiene requisiti per l'accesso a contenuti online. 410 1$1001VAN00009467$12001 $aProgetto ente locale$1210 $aRimini$cMaggioli$v284 620 $dSantarcangelo di Romagna$3VANL000123 700 1$aCuzzola$bEnzo$3VANV100748$0608889 701 1$aCuzzola$bFrancesco$3VANV100749$0763107 712 $aMaggioli $3VANV108045$4650 801 $aIT$bSOL$c20240906$gRICA 899 $aBIBLIOTECA DEL DIPARTIMENTO DI ECONOMIA$1IT-CE0106$2VAN03 899 $aBIBLIOTECA DEL DIPARTIMENTO DI GIURISPRUDENZA$1IT-CE0105$2VAN00 912 $aVAN00128808 950 $aBIBLIOTECA DEL DIPARTIMENTO DI GIURISPRUDENZA$d00CONS IV.Eg.208 $e00UBG5345 20200717 950 $aBIBLIOTECA DEL DIPARTIMENTO DI ECONOMIA$d03PREST IIBb114 $e03BDE2698 20211008 996 $aCasi risolti per l'ufficio finanziario dell'ente locale$91742896 997 $aUNICAMPANIA